000 00241nam a2200085Ia 4500
008 120527s9999 xx 000 0 und d
100 _aHERZAN, Gene
245 _aQuick action couplings:the tractor to implement hydraulic interface
942 _cBK
999 _c25192
_d25192